| 000 | 00621nam a22001937a 4500 | ||
|---|---|---|---|
| 005 | 20240805145022.0 | ||
| 010 | _aENG-141197 | ||
| 020 |
_c349.00 _a9788196503338 |
||
| 035 | _aEN-124729 | ||
| 037 | _bDBAD | ||
| 082 |
_a001.64 _21 |
||
| 100 |
_aDuggal, Pavan _969478 |
||
| 245 | 0 | 0 |
_aLaw and Generative Artificial Intelligence/ _cBy Pavan Duggal |
| 250 | _a1 | ||
| 260 |
_aMumbai _bKabdwal Book International |
||
| 270 |
_aPlot No. 179, D/42, Raigad CHS, Sector 1, Charkop, Kandivali(W) _bMumbai _e400067 _morder@kabdwalbook.com |
||
| 300 |
_a114p. _c22cm(pbk) |
||
| 942 |
_2ddc _cEN _mDUG _h001.64 _e1 |
||
| 999 |
_c204832 _d204832 |
||